• 首页
  • 本馆介绍
  • 公告通知
  • 最新文献
  • 馆藏检索
  • 电子资源
  • 读者导购
  • 参考咨询
  • 我的图书馆
  • 登录
  • 详细信息显示
  • 放入我的书架
  • 预约/预借图书
  • 作者相关作品
  • 分类相关作品
  • 丛书相关作品
  • 出版社相关作品

书目信息

  • 表格格式
  • 工作单格式
  • 卡片格式
题名:
西方公共行政管理理论精要
    
 
作者: 丁煌 著
分册:  
出版信息: 北京   中国人民大学出版社  2005
页数: 470页
开本: 23cm
丛书名:
单 册:
中图分类: D623 , D523
科图分类:
主题词: 公共管理--行政管理--理论--西方国家--研究生--教材 , 公共管理 , 国际政治
电子资源:
ISBN: 7-300-06724-7
000 01041nam0 2200289 450
000 01014nam0 2200265 450
000 00947nam0 2200241 450
000 00911oam2 2200229 45
005 20070724095028.50
010    @a7-300-06724-7@dCNY35.00
100    @a20070714d2005 em y0chiy0120 ea
101 0  @achi
102    @aCN@b110000
105    @ay z 000yy
200 1  @a西方公共行政管理理论精要@AXi Fang Gong Gong Xing Zheng Guan Li Li Lun Jing Yao@f丁煌著@FDing Huang Zhu
210    @a北京@c中国人民大学出版社@d2005
215    @a470页@d23cm
300    @a公共管理硕士(MPA)系列教材@f纪宝成总主编
330    @a本书分为四大部分。内容包括:初创过程中的西方公共行政管理理论;演讲过程中的西方公共行政管理理论;深化过程中的西方公共行政管理理论;拓展中的西方公共行政管理理论。
606 0  @a公共管理@x行政管理@x理论@y西方国家@x研究生@j教材
606 0  @a公共管理
606 0  @a国际政治
690    @aD623@v4
690    @aD523@v3
701  0 @a丁煌@ADing Huang@f(1964~)@4著
801  0 @aCN@bTAOJIN@c20070724
905    @a10447@dD523@e169
    
    西方公共行政管理理论精要/丁煌著.-北京:中国人民大学出版社,2005
    470页;23cm
    公共管理硕士(MPA)系列教材
    
    ISBN 7-300-06724-7:CNY35.00
    本书分为四大部分。内容包括:初创过程中的西方公共行政管理理论;演讲过程中的西方公共行政管理理论;深化过程中的西方公共行政管理理论;拓展中的西方公共行政管理理论。
●
相关链接 在E读中查询图书 在五车中查询图书 在当当中查询图书 在豆瓣中查询图书


正题名:西方公共行政管理理论精要     索取号:D523/169         预约/预借

序号 登录号 条形码 馆藏地/架位号 状态 备注
1 0824124   208241240   第一样本阅览室/ [索取号:D523/169] 在馆    
2 0824125   208241259   密集书库/ [索取号:D523/169] 在馆    
3 0824126   208241268   密集书库/ [索取号:D523/169] 在馆    
4 0824127   208241277   第一借阅区/ [索取号:D523/169] 在馆    
5 0824128   208241286   第一借阅区/ [索取号:D523/169] 在馆    
6 0824129   208241295   第一借阅区/ [索取号:D523/169] 在馆    
7 0824130   208241302   第一借阅区/ [索取号:D523/169] 在馆    
8 0824131   208241311   密集书库/ [索取号:D523/169] 在馆    
唐山师范学院图书馆 欢迎您!
大连网信软件有限公司© 版权所有